000 00447nam a22001217a 4500
005 20260629135740.0
100 _aSajad Hussain Shaheen
_a21-MEEE-04
_aSupervisor - Prof.Dr. Abdul Qayoom Jakhrani
_91041
245 _aReduction of Total Dissolvel Solids from Brackish Ground Water Using Natural Adsorbents (Thesis ME)
260 _aNawabshah
_bQUEST
_c2025
300 _a119p.
700 _aDepartment of Environment Engineering
_91039
942 _cTHESIS
999 _c69096
_d69093